000 00955cab a2200229 4500
001 X2605
008 090401t1987 xxu||||| |||| 00| 0 eng d
035 _a(Sirsi) u25268
041 _aeng
100 _aClayton, P.D.
245 _aTenant satisfaction - a preliminary survey
260 _c1987
350 _a0
490 _aEstates Gazette
_v281 (6325) 14 March 1987, 1148-1150 (3)
520 _aSummarises results of a survey undertaken by Liverpool Polytechnic`s Department of Surveying on satisfaction of tenants with high tech buildings in the Genesis Centre , at Birchwood Science Park , in Warrington . Among the features tenants find most pleasing are successful tenant mix , estate layout, high level of security, parking facilities and proximity to clients/markets.
650 _aLOCATION
650 _aSCIENCE PARKS
650 _aTENANTS REQUIREMENTS
690 _aPROPERTY-COMMERCIAL PROPERTY
942 _n0
948 _c04/03/1997
999 _c16960
_d16960